000 00219nam a22000857a 4500
008 160920b xxu||||| |||| 00| 0 eng d
100 _9658
_aFrank bros
245 _aSchool Atlas
260 _aNew Delhi
_bFrank Publications
_c2011
999 _c3315
_d3315